00524nam a22001577a 450000100100000000500170001000800410002701000130006804000230008105000220010424501300012626000340025630000200029049000250031070000310033500001796220200929165309.0850828s1958 gw 000 0 ger  a85857497 aDO-SdBNPcDLCdDLC00aMLCS 85/10741 (P)00aRose aus Asche :bspanische und spanisch-amerikanische Lyrik seit 1900 /cherausgegeben und ubertragen von Erwin Walter Palm. aMunchen :bR. Piper,c[1958]. a76 p. ;c19 cm.0 aPiper-Bucherei ;v791 aPalm, Erwin Walter,d1910-